Pokémon by Picture: Generation III - Statistics

General Stats
  • This quiz has been taken 8,358 times
  • The average score is 95 of 135
Answer Stats
Picture Answer % Correct
Mudkip
94%
Treecko
94%
Torchic
93%
Blaziken
90%
Zigzagoon
88%
Gardevoir
86%
Ralts
85%
Nosepass
82%
Poochyena
82%
Swampert
82%
Wurmple
82%
Aron
81%
Plusle
81%
Sceptile
81%
Combusken
80%
Wailord
80%
Lotad
79%
Sableye
79%
Slaking
79%
Kirlia
78%
Rayquaza
78%
Seedot
78%
Sharpedo
78%
Skitty
78%
Wingull
78%
Absol
77%
Grovyle
77%
Minun
77%
Regirock
77%
Wailmer
77%
Groudon
76%
Kyogre
76%
Latias
76%
Latios
76%
Mightyena
76%
Regice
76%
Flygon
75%
Ludicolo
75%
Marshtomp
75%
Pelipper
75%
Registeel
75%
Linoone
74%
Solrock
74%
Taillow
74%
Trapinch
74%
Aggron
73%
Cascoon
73%
Feebas
73%
Loudred
73%
Metagross
73%
Milotic
73%
Roselia
73%
Silcoon
73%
Spoink
73%
Beautifly
72%
Camerupt
72%
Mawile
72%
Meditite
72%
Numel
72%
Nuzleaf
72%
Slakoth
72%
Torkoal
72%
Altaria
71%
Deoxys
71%
Seviper
71%
Shroomish
71%
Spheal
71%
Swablu
71%
Breloom
70%
Dustox
70%
Electrike
70%
Medicham
70%
Bagon
69%
Duskull
69%
Gulpin
69%
Jirachi
69%
Lombre
69%
Luvdisc
69%
Ninjask
69%
Salamence
69%
Surskit
69%
Whismur
69%
Castform
68%
Exploud
68%
Hariyama
68%
Lunatone
68%
Makuhita
68%
Nincada
68%
Shiftry
68%
Spinda
68%
Azurill
67%
Delcatty
67%
Shedinja
67%
Shuppet
67%
Swellow
67%
Zangoose
67%
Dusclops
66%
Lairon
66%
Baltoy
65%
Vigoroth
65%
Beldum
64%
Cacnea
64%
Cacturne
63%
Claydol
63%
Metang
63%
Snorunt
63%
Volbeat
63%
Whiscash
63%
Banette
62%
Carvanha
62%
Glalie
62%
Manectric
62%
Tropius
62%
Barboach
61%
Kecleon
61%
Vibrava
61%
Grumpig
60%
Shelgon
59%
Swalot
59%
Wynaut
59%
Corphish
58%
Illumise
57%
Lileep
57%
Masquerain
57%
Relicanth
57%
Chimecho
56%
Clamperl
56%
Crawdaunt
55%
Walrein
54%
Armaldo
52%
Anorith
51%
Cradily
51%
Sealeo
51%
Huntail
48%
Gorebyss
47%
No matching quizzes found
Score Distribution
Percent of People with Each Score
Percentile by Number Answered
Your Score History
You have not taken this quiz